Feel and touch

Bibliographic Details
Main Author: Rowe, Julian
Format: Book
Published: London : Watts Book , 1993
Series:First science
Subjects:

MARC

LEADER 00000cam a2200000 7i4500
001 0000007583
002 000008146
005 20000330.0
020 |a 0749610867 
090 0 0 |a J 500   |b ROW 
100 1 |a Rowe, Julian 
245 1 0 |a Feel and touch   |c Julian Rowe 
260 |a London :   |b Watts Book ,   |c 1993 
300 |a 32p. :   |b ill. ;   |c 25cm. 
490 0 |a First science 
650 0 0 |a Emotions   |x Juvenile literature 
999 |a 052517   |b BUKU   |c PINJAMAN   |e PERPUSTAKAAN KOMUNITI PETALING JAYA